سب ر نگ (Record no. 87862)

MARC details
000 -LEADER
fixed length control field 01361nam a22002777a 4500
005 - DATE AND TIME OF LATEST TRANSACTION
control field 20170425143430.0
008 - FIXED-LENGTH DATA ELEMENTS--GENERAL INFORMATION
fixed length control field 140714b xxu||||| |||| 00| 0 Urdu d
010 ## - LCCN (DPL NO)
LC control number UR-289 B-548371 B-666037
020 ## - INTERNATIONAL STANDARD BOOK NUMBER
Terms of availability 295.00
International Standard Book Number 9789383282432
035 ## - SYSTEM CONTROL NUMBER
System control number U-289 B-548371 B-666037
037 ## - SOURCE OF ACQUISITION
Source of stock number/acquisition BPPD/Publishers/Venders
037 ## - SOURCE OF ACQUISITION
Source of stock number/acquisition KBD(Ven)/M.R.Pub.(Pub.)
040 ## - CATALOGING SOURCE
Original cataloging agency DPL
Language of cataloging Urdu
082 ## - DEWEY DECIMAL CLASSIFICATION NUMBER
Classification number 841
100 ## - MAIN ENTRY--PERSONAL NAME
Personal name قا د ری ظہير صبا
245 ## - TITLE STATEMENT
Title سب ر نگ
Statement of responsibility, etc قا د ری ظہير صبا
246 ## - VARYING FORM OF TITLE
Title proper/short title Sab Rang(Poetry)
Remainder of title by Zaheer Saba Qadri
260 ## - PUBLICATION, DISTRIBUTION, ETC. (IMPRINT)
Name of publisher, distributor, etc M.R. Publications (Publisher)
-- K.B.D..( Vender)
Date of publication, distribution, etc 2014
260 ## - PUBLICATION, DISTRIBUTION, ETC. (IMPRINT)
Place of publication, distribution, etc B-1770,Near State Bank of India,Jahangir Puri,Delhi-110033
270 ## - ADDRESS
City نئ د ھلی
Address #10، ميٹر و پو ل ما ر کيٹ،2724-25،پہلی منز ل کو چہ چيلا ن،د ر يا گنج
Postal code 110002
Telephone number 9810784549، 9873156910
300 ## - PHYSICAL DESCRIPTION
Extent 112ص
Dimensions 22Cm(Pb)
500 ## - GENERAL NOTE
General note Vol.-2
942 ## - ADDED ENTRY ELEMENTS (KOHA)
Source of classification or shelving scheme Dewey Decimal Classification
Item type Urdu Bks
Call number suffix ق ا د
Classification part 841
Holdings
Withdrawn status Lost status Source of classification or shelving scheme Damaged status Not for loan Collection code Home library Current library Date acquired Source of acquisition Cost, normal purchase price Total Checkouts Full call number Barcode Date last seen Copy number Cost, replacement price Koha item type
    Dewey Decimal Classification     Non-fiction Ashok Vihar Ashok Vihar 25/04/2017 BPPD/UR/2014-15/AV/16-17/659/17.2.17/KBD/1351/7.3.17/8.3.17 295.00   841 ق ا د B-666037 25/04/2017 1 295.00 Urdu Bks
    Dewey Decimal Classification     Non-fiction Central Library Central Library 18/12/2014 BPPD/UR/2014-15/128/1.8.14/KBD/1056/14.8.14/2.9.14 295.00 1 841 ق ا د B-548371 13/09/2017 1 295.00 Urdu Bks

© Delhi Public Library
Hit Counter
free hit counter